ბათუმის შოთა რუსთაველის სახელმწიფო უნივერსიტეტის ბიბლიოთეკა

შალვა ცინცაძე : (ბიბ.ჩანაწერი № 48583)

000 -ლიდერი
ფიქსირებული სიგრძის საკონტროლო ველი 01209nam a2200229Ia 4500
001 - საკონტროლო ნომერი
საკონტროლო ველი 15482
003 - საკონტროლო ნომრის იდენტიფიკატორი
საკონტროლო ველი GE_BSU
005 - ბოლო ოპერაციის თარიღი და დრო
საკონტროლო ველი 20241127164102.0
008 - ფიქსირებული სიგრძის მონაცემთა ელემენტები - ზოგადი ინფორმაცია
ფიქსირებული სიგრძის საკონტროლო ველი 181216s2015||||ge |||||||||||||| ||geo||
040 ## - კატალოგიზაციის წყარო
Transcribing agency GE_BSU
041 ## - ენის კოდი
Language code of text/sound track or separate title geo
080 ## - უნივერსალური ათობითი კლასიფიკაციის ინდექსი
Universal Decimal Classification number 54(479.22)(092) შ-19
245 ## - ცნობა სათაურის შესახებ
Title შალვა ცინცაძე :
Remainder of title გამოჩენილი ქართველი მეცნიერი /
Statement of responsibility, etc გ. ცინცაძე, ნ. მგელაძე, რ. მოლოდინი, რ. ჩაგუნავა ; რედ. გ. სუპატაშვილი.
264 ## - წარმოების, გამოცემის, დისტრიბუციის და სხვა ცნობები
გამოცემის, წარმოების, დისტრიბუციის... ადგილი თბილისი :
გამოცემის, წარმოების, დისტრიბუციის... სახელწოდება ბეჭდვითი სიტყვის კომბინატი,
გამოცემის, წარმოების, დისტრიბუციის... თარიღი 2015.
300 ## - ფიზიკური აღწერა
Extent 135 გვ. ;
Dimensions 22 სმ.
653 ## - INDEX TERM--UNCONTROLLED
Uncontrolled term შალვა ცინცაძე : გამოჩენილი ქართველი მეცნიერი
700 ## - ADDED ENTRY--PERSONAL NAME
Personal name მგელაძე, ნ.
Relator term ავტორი
9 (RLIN) 23803
700 ## - ADDED ENTRY--PERSONAL NAME
Personal name მოლოდიინ, რ.
Relator term ავტორი
9 (RLIN) 23804
700 ## - ADDED ENTRY--PERSONAL NAME
Personal name ჩაგუნავა, რ.
Relator term ავტორი
9 (RLIN) 13439
700 ## - ADDED ENTRY--PERSONAL NAME
Personal name სუპატაშვილი, გ.
Relator term რედაქტორი
9 (RLIN) 23805
942 ## - ADDED ENTRY ELEMENTS (KOHA)
Koha item type წიგნი
Source of classification or shelving scheme
ეგზემპლარები
ჩამოწერის სტატუსი დაკარგული ეგზემპლარის სტატუსი კლასიფიკაციის წყარო ან თაროზე გაწყობის სქემა დაზიანების სტატუსი არ გაიცემა მუდმივი მდებარეობა (დაცვის ადგილი) ამჟამინდელი ადგილსამყოფელი თაროზე განთავსების ადგილი შეძენის თარიღი სრული შენახვის შიფრი შტრიხკოდი ბოლო ოპერაციის თარიღი ეგზემპლარის მიმდევრობითი ნომერი (კეტერი?) ფასის ძალაში შესვლის თარიღი ეგზემპლარის სახეობა
          ბათუმის შოთა რუსთაველის სახელმწიფო უნივერსიტეტის მთავარი ბიბლიოთეკა ბათუმის შოთა რუსთაველის სახელმწიფო უნივერსიტეტის მთავარი ბიბლიოთეკა წიგნსაცავი 2018-12-17 54(479.22)(092) შ-19 27474 2018-12-17 27474 2018-12-17 წიგნი
          ბათუმის შოთა რუსთაველის სახელმწიფო უნივერსიტეტის მთავარი ბიბლიოთეკა ბათუმის შოთა რუსთაველის სახელმწიფო უნივერსიტეტის მთავარი ბიბლიოთეკა წიგნსაცავი 2018-12-17 54(479.22)(092) შ-19 27475 2018-12-17 27475 2018-12-17 წიგნი